Le Corbusier : (Record no. 120456)
[ view plain ]
| 000 -LEADER | |
|---|---|
| fixed length control field | 00871cam a2200277Ma 4500 |
| 001 - CONTROL NUMBER | |
| control field | 10536981 |
| 003 - CONTROL NUMBER IDENTIFIER | |
| control field | ARRUPE |
| 005 - DATE AND TIME OF LATEST TRANSACTION | |
| control field | 20140505131337.0 |
| 008 - FIXED-LENGTH DATA ELEMENTS--GENERAL INFORMATION | |
| fixed length control field | 100609t19661960maua b 001 0 eng d |
| 035 ## - SYSTEM CONTROL NUMBER | |
| System control number | (OCoLC)ocn639624371 |
| 035 ## - SYSTEM CONTROL NUMBER | |
| System control number | (OCoLC)639624371 |
| 040 ## - CATALOGING SOURCE | |
| Original cataloging agency | UWW |
| Language of cataloging | eng |
| Transcribing agency | UWW |
| Modifying agency | OL$ |
| -- | OCLCO |
| 049 ## - LOCAL HOLDINGS (OCLC) | |
| Holding library | ZCUA |
| 050 14 - LIBRARY OF CONGRESS CALL NUMBER | |
| Classification number | NA1053.J4 |
| Item number | B54 1960 |
| 082 04 - DEWEY DECIMAL CLASSIFICATION NUMBER | |
| Classification number | 720.924 |
| Edition number | 19 |
| 300 ## - PHYSICAL DESCRIPTION | |
| Other physical details | ill. ; |
| Dimensions | 20 cm. |
| 100 1# - MAIN ENTRY--PERSONAL NAME | |
| Personal name | Blake, Peter, |
| Dates associated with a name | 1920-2006. |
| 9 (RLIN) | 10057 |
| 245 10 - TITLE STATEMENT | |
| Title | Le Corbusier : |
| Remainder of title | architecture and form / |
| Statement of responsibility, etc | by Peter Blake. |
| 260 ## - PUBLICATION, DISTRIBUTION, ETC. (IMPRINT) | |
| Place of publication, distribution, etc | Baltimore : |
| Name of publisher, distributor, etc | Penguin Books, |
| Date of publication, distribution, etc | 1966, c1960. |
| 300 ## - PHYSICAL DESCRIPTION | |
| Extent | 159 p. : |
| 490 0# - SERIES STATEMENT | |
| Series statement | Pelican books ; |
| Volume number/sequential designation | A605 |
| 504 ## - BIBLIOGRAPHY, ETC. NOTE | |
| Bibliography, etc | Includes bibliographical references and index. |
| 600 00 - SUBJECT ADDED ENTRY--PERSONAL NAME | |
| Personal name | Le Corbusier, |
| Dates associated with a name | 1887-1965. |
| 9 (RLIN) | 10058 |
| 650 #0 - SUBJECT ADDED ENTRY--TOPICAL TERM | |
| Topical term or geographic name as entry element | Architects |
| Geographic subdivision | France |
| Form subdivision | Biography. |
| 9 (RLIN) | 10059 |
| 942 ## - ADDED ENTRY ELEMENTS (KOHA) | |
| Source of classification or shelving scheme | Library of Congress Classification |
| Koha item type | Monograph ( Printed materials) |
| 948 1# - LOCAL PROCESSING INFORMATION (OCLC); SERIES PART DESIGNATOR (RLIN) | |
| Series part designator, SPT (RLIN) | 20131111 |
| b (OCLC) | c |
| c (OCLC) | rhg9 |
| d (OCLC) | OSMC |
| Withdrawn status | Lost status | Source of classification or shelving scheme | Damaged status | Not for loan | Collection code | Home library | Current library | Shelving location | Date acquired | Total Checkouts | Full call number | Barcode | Date last seen | Price effective from | Koha item type |
|---|---|---|---|---|---|---|---|---|---|---|---|---|---|---|---|
| Library of Congress Classification | Main Collection | ARRUPE LIBRARY | ARRUPE LIBRARY | Main Collection | 05/05/2014 | NA1053.J4 B54 1960 | 46500001591 | 03/07/2018 | 05/05/2014 | Monograph ( Printed materials) |